=LDR 00000nam 2200000 4500 =001 INLIS000000000810076 =005 20251016031936 =035 ##$$a 0010-1025000059 =008 251016###########################0#ind## =245 ##$$a Terapi Syar’I Mengobati Penyakit Hati /$c Syaikh Dr. Khalid Al-Juraisy (Darul Haq) =260 ##$:$b Darul Haq =082 ##$$a 297.561 =084 ##$$a 297.561 KHA t